Normal view
MARC view
- Software Engineering MS-Thises
Entry Topical Term
001 - CONTROL NUMBER
- control field: 34731
003 - CONTROL NUMBER IDENTIFIER
- control field: NUST
005 - DATE AND TIME OF LATEST TRANSACTION
- control field: 20201029112923.0
008 - FIXED-LENGTH DATA ELEMENTS
- fixed length control field: 201029|| aca||aabn | a|a d
040 ## - CATALOGING SOURCE
- Original cataloging agency: NUST
- Transcribing agency: NUST
150 ## - HEADING--TOPICAL TERM
- Topical term or geographic name entry element: Software Engineering MS-Thises
670 ## - SOURCE DATA FOUND
- Source citation: Work cat.: (NUST): Kazmi, Afza 34730, Model Driven Architecture for Decentralized Software Defined Vanets /, 2016.
